000 01880nam a22003137a 4500
008 250523b |||||||| |||| 00| 0 eng d
020 _a9781399812559
040 _ctbs
041 _ager
_aeng
100 _aMcNab, Rosi
_925334
_eauthor
245 _aBeginners' German
_b: learn faster, remember more
_c/ Rosi McNab.
246 _aTeach yourself beginner's German
260 _aLondon :
_bTeach Yourself,
_c2024.
300 _axvi, 151 pages :
_billustrations (color) ;
_c20 cm.
490 _aTeach yourself
505 _aMapped to A1-B1 on the Common European Framework of Reference — Everyday phrases and expressions — A bilingual word list — Practice activities — Listening exercises with online audio.
520 _aBeginners' German is for absolute beginners and those who’ve had some previous experience with the language and want to refresh their knowledge. Clear and simple explanations make the course appropriate and accessible to anyone learning German. There are extensive illustrations and tools to help you plan your studies and track your progress, all designed to support learning on your own. This course is also ideal to use with one-to-one tutoring and as a classroom course, and it’s the perfect resource to pair with a language-learning app.
650 0 _aGerman language
_vTextbooks for foreign speakers
_xEnglish
_924643
650 0 _aGerman language
_vConversation and phrase books
_xEnglish
_925335
650 0 _aGerman language
_xSelf-instruction
_924644
650 0 _aGerman language
_xStudy and teaching
_xForeign speakers
_913581
650 0 _aGerman language
_xGrammar
_925336
655 0 _aPhrase books
_925062
655 0 _aProgrammed instructional materials
_925329
655 0 _aInstructional and educational works
_923270
655 0 _aInformational works
_923310
655 0 _aSelf-instructional works
_925331
942 _2lcc
999 _c4700
_d4700